Statistics for Animals

Click here to take the quiz!

General Stats

  • This quiz has been taken 21 times
  • The average score is 10 of 12

Answer Stats

HintAnswer% Correct
Warm-blooded animals that lay eggs either in a nest or on the ground and have wings, covered in feathers have talons or claws and a beakBirds
94%
Warm-blooded animals that give birth alive and feed milk to babies, have fur. Most of them give birth but some actually lay eggsMammals
94%
An animal that is huge and gray with tusksElephant
88%
Cold-blooded animals that lay eggs and have scales. Live in the water and have finsFish
88%
An animal that can be found in Madagascar and are primatesLemur
88%
A gray animal that has hornsRhinoceros
88%
An animal that is lives in water and is a predatorShark
88%
An animal with orange fur and black stripesTiger
88%
Amazing___________.Animals
82%
Cold-blooded animals that lay eggs, are invertebrates and are "creapy crawlies"Insects and arthropods
82%
Cold-blooded animals that lay eggs and have slimy skin. Usually borned in water and live on land when olderAmphibians
76%
Cold-blooded animals that lay eggs and have scales.Reptiles
59%

Score Distribution

Percentile by Number Answered

Percent of People with Each Score

Your Score History

You have not taken this quiz